000 00740nam a22002177a 4500
005 20251028084344.0
008 251016b |||||||| |||| 00| 0 eng d
020 _a9781637744680
082 _aDC 158.7 J84 2024
100 _aJoy, Felicia.
_968860
245 _aI don't just work here :
_bthe new purpose of workplace culture /
_cFelicia Joy and Elena Grotto.
260 _aDallas, TX :
_bMatt Holt Books,
_c©2024.
300 _a228 pages :
_billustrations ;
_c22 cm.
500 _aIncludes index.
650 0 _aCorporate culture.
_968983
650 0 _aPsychology, Industrial.
_968984
650 0 _aIndustrial sociology.
_968985
650 0 _aEmployee retention.
_968986
700 _aGrotto, Elena.
_968861
_eauthor.
942 _2ddc
_cDC
999 _c24060
_d24060